Can London plan deliver on homes? (Record no. 67815)

MARC details
000 -LEADER
fixed length control field 01020cam a2200229 4500
001 - CONTROL NUMBER
control field ABS64272
008 - FIXED-LENGTH DATA ELEMENTS--GENERAL INFORMATION
fixed length control field 010727n2001 000 0 eng u
035 ## - SYSTEM CONTROL NUMBER
System control number (Sirsi) u113829
100 ## - MAIN ENTRY--PERSONAL NAME
Personal name Blake, J.
245 ## - TITLE STATEMENT
Title Can London plan deliver on homes?
260 ## - PUBLICATION, DISTRIBUTION, ETC.
Date of publication, distribution, etc. 2001
490 ## - SERIES STATEMENT
Series statement Roof
Volume/sequential designation 26(4) July/August 2001, 14-15(2)
520 ## - SUMMARY, ETC.
Summary, etc. Discusses the Greater London Authority's draft spatial development strategy in view of the development of the housing stock. One key target of the plan is that 50% of the projected 33,000 homes provided by private developers should be affordable. The article addresses concerns as to whether this should be the real focus. One issue raised is the problem of the gap between the housing projection and the actual number of houses to be provided.
590 ## - LOCAL NOTE (RLIN)
Local note ABS
650 ## - SUBJECT ADDED ENTRY--TOPICAL TERM
Topical term or geographic name entry element PROJECTIONS
650 ## - SUBJECT ADDED ENTRY--TOPICAL TERM
Topical term or geographic name entry element GREATER LONDON AUTHORITY
650 ## - SUBJECT ADDED ENTRY--TOPICAL TERM
Topical term or geographic name entry element SPATIAL DEVELOPMENT STRATEGY
650 ## - SUBJECT ADDED ENTRY--TOPICAL TERM
Topical term or geographic name entry element LONDON
650 ## - SUBJECT ADDED ENTRY--TOPICAL TERM
Topical term or geographic name entry element PRIVATE DEVELOPERS
690 ## - LOCAL SUBJECT ADDED ENTRY--TOPICAL TERM (OCLC, RLIN)
Topical term or geographic name as entry element HOUSING-DEVELOPMENT
942 ## - ADDED ENTRY ELEMENTS (KOHA)
Suppress in OPAC 0
Holdings
Withdrawn status Lost status Source of classification or shelving scheme Damaged status Not for loan Home library Current library Shelving location Date acquired Total Checkouts Full call number Barcode Date last seen Copy number Price effective from Koha item type
    Dewey Decimal Classification     London London Journal article 27/07/2001   ABS64272 113829-1001 06/08/2019 1 06/08/2019 Journal article